LIBRARY & INFORMATION CENTRE, KCAET, TAVANUR

ONLINE PUBLIC ACCESS CATALOGUE (OPAC)

Elements of Workshop Technology, Vol- 2: Machine Tools (Record no. 520)

MARC details
000 -LEADER
fixed length control field 00486cam a2200169ua 4500
003 - CONTROL NUMBER IDENTIFIER
control field OSt
008 - FIXED-LENGTH DATA ELEMENTS--GENERAL INFORMATION
fixed length control field 250315b |||||||| |||| 00| 0 eng d
020 ## - INTERNATIONAL STANDARD BOOK NUMBER
ISBN 8185099154
082 ## - DEWEY DECIMAL CLASSIFICATION NUMBER
Classification number 621.9
Item number HAJ/EL
100 ## - MAIN ENTRY--AUTHOR NAME
Personal name Hajra Choudhary, S. K
100 ## - MAIN ENTRY--AUTHOR NAME
Personal name Bose, S K .
245 ## - TITLE STATEMENT
Title Elements of Workshop Technology, Vol- 2: Machine Tools
250 ## - EDITION STATEMENT
Edition statement 7 / 11(Revi& En)
260 ## - PUBLICATION, DISTRIBUTION, ETC. (IMPRINT)
Place of publication Mumbai :
Name of publisher Media Promoters & Publishers Pvt Ltd ,
Year of publication 1985, 2006
300 ## - PHYSICAL DESCRIPTION
Number of Pages 548 ; .690
942 ## - ADDED ENTRY ELEMENTS (KOHA)
Koha item type Books
Holdings
Withdrawn status Lost status Damaged status Home library Current library Date acquired Full call number Accession Number Koha item type Collection code Shelving location Source of acquisition Cost, normal purchase price
Withdrawn     KAUAET KAUAET 17/03/1986 621.9 15053 Books        
Withdrawn     KAUAET KAUAET 17/03/1986 621.9 15048 Books        
      KAUAET KAUAET 17/03/1986 621.9 HAJ/EL 15049 Books        
      KAUAET KAUAET 17/03/1986 621.9 HAJ/EL 15047 Books        
      KAUAET KAUAET 07/04/2012 621.9 HAJ/EL 21261 Books        
      KAUAET KAUAET 07/04/2012 621.9 HAJ/EL 21262 Books        
      KAUAET KAUAET 01/09/2016 621.9 CHO/EL BB 100 Book Bank scheme for SC students   Scheme Penta Books. 195.00
      KAUAET KAUAET 01/09/2016 621.9 CHO/EL BB 101 Book Bank scheme for SC students   Scheme Penta Books. 195.00
      KAUAET KAUAET 20/03/2025 621.9 HAJ/EL 15054 Books        
free website counter